| 000 | 00904cab a2200241 4500 | ||
|---|---|---|---|
| 001 | ABS55445 | ||
| 008 | 090401t1996 xxu||||| |||| 00| 0 eng d | ||
| 035 | _a(Sirsi) u16500 | ||
| 041 | _aeng | ||
| 100 | _aHanda, V. | ||
| 245 | _aPredicting the level of organizational effectiveness: a methodology for the construction firm | ||
| 260 | _c1996 | ||
| 350 | _a0 | ||
| 490 |
_aConstruction Management & Economics _v14(4) July 1996, 341-352(12) |
||
| 520 | _aIllustrates a methodology for predicting the level of organisational effectiveness in a construction firm; accounting for variables in categories of structure, flexibility and rules and regulations, person-orientated processes, and strategic means and goals. | ||
| 650 | _aCOMPETITION | ||
| 650 | _aEFFECTIVENESS | ||
| 650 | _aORGANISATIONS | ||
| 690 | _aBUILT ENVIRONMENT | ||
| 700 | _aAdas, A. | ||
| 942 | _n0 | ||
| 948 | _c04/03/1997 | ||
| 999 |
_c10868 _d10868 |
||